11 All-Time de l'équipe de France - Statistiques

Statistiques générales
  • Ce quiz a été pris 951 fois
  • Le résultat moyen est 14 sur 16
Statistiques - réponses
Poste Années Réponse % Correct
Gardien 2008-2022 Hugo Lloris
100%
Ailier Gauche 2017- Kylian Mbappé
98%
Sélectionneur 2012- Didier Deschamps
97%
Remplaçant (Buteur) 2011-2024 Olivier Giroud
96%
Milieu de terrain 1994-2006 Zinédine Zidane
96%
Second Attaquant 2014-2024 Antoine Griezmann
95%
Défenseur Central 2013-2022 Raphaël Varane
95%
Buteur 1997-2010 Thierry Henry
92%
Remplaçant (Milieu Central) 2013- Paul Pogba
90%
Remplaçant (Gardien) 1994-2006 Fabien Barthez
88%
Milieu Offensif 1976-1987 Michel Platini
88%
Remplaçant (Défenseur Central) 1989-2000 Laurent Blanc
82%
Défenseur Droit 1994-2008 Lilian Thuram
82%
Défenseur Gauche 1992-2004 Bixente Lizarazu
79%
Défenseur Central 1993-2004 Marcel Desailly
77%
Milieu de terrain 1997-2009 Patrick Vieira
69%
Aucun quiz correspondant
Distribution des résultats
% des personnes avec chaque résultat
Percentile par nombre de réponses
Votre historique - résultats
Vous n’avez pas pris ce quiz